000 00408nam a2200133Ia 4500
008 230917s9999||||xx |||||||||||||| ||und||
040 _e167504
_aMAIN
041 _aEnglish
082 _a891.432741 PG886T
100 _aप्रसाद, गोरीशंकर
245 0 _aटीपू सुलतान
260 _aलखनऊ
_bरा. प्रकाशन मन्दिर
_c1982
942 _cHN
999 _c44868
_d44868